[Event "DE LOS TRABAJADORES"]
[Site "SchemingMind.com"]
[Date "2012.04.28"]
[Round "-"]
[White "Olli Ylönen"]
[Black "emvarela"]
[Result "1-0"]
[WhiteCountry "FIN"]
[BlackCountry "ARG"]
[WhiteElo "1877"]
[WhiteRD "56"]
[BlackElo "1743"]
[BlackRD "46"]
[GameID "309115"]

1. Nc3 Nf6 2. e4 d5 3. e5 Ne4 4. Nce2 d4 5. c3 Nc6 6. Nxd4 Nxe5 7. Qe2 Qd5 8. Nb5 Qc6 9. f3 Nd6 10. Qxe5 Bd7
11. Nxd6+ cxd6 12. Qe3 g6 13. d4 O-O-O 14. a4 Bg7 15. Bb5 Qc7 16. Bxd7+ Rxd7 17. a5 e5 18. dxe5 Bxe5 19. Qxa7 Bxc3+ 20. Kd1 Qc4
21. bxc3 Qd3+ 22. Bd2 Qf1+ 23. Kc2 Qxa1 24. Qa8+ Kc7 25. Qxh8 Qa2+ 26. Kd3 Qd5+ 27. Qd4 Qxa5 28. Ne2 d5 29. Bf4+ Kc8 30. Qb4 Qa6+
31. Kd4
1-0

[Event "DE LOS TRABAJADORES"]
[Site "SchemingMind.com"]
[Date "2012.04.28"]
[Round "-"]
[White "emvarela"]
[Black "Olli Ylönen"]
[Result "1/2-1/2"]
[WhiteCountry "ARG"]
[BlackCountry "FIN"]
[WhiteElo "1746"]
[WhiteRD "46"]
[BlackElo "1845"]
[BlackRD "53"]
[GameID "309116"]

1. e4 c6 2. d4 d5 3. Nc3 dxe4 4. Nxe4 Bf5 5. Ng3 Bg6 6. h4 h6 7. h5 Bh7 8. Nf3 Nd7 9. Bd3 Bxd3 10. Qxd3 e6
11. Bf4 Qa5+ 12. Bd2 Bb4 13. Ne4 Ngf6 14. Nd6+ Ke7 15. Nxb7 Bxd2+ 16. Nxd2 Qb4 17. Qa3 Qxa3 18. bxa3 Rab8 19. Na5 Rhc8 20. Nab3 Rb5
21. O-O-O Nxh5 22. c4 Rg5 23. Ne4 Rf5 24. f3 Nhf6 25. Nxf6 Nxf6 26. Rhe1 h5 27. Re5 Rxe5 28. dxe5 Nd7 29. f4 f6 30. exf6+ Nxf6
31. Nd4 c5 32. Nb3 Ng4 33. g3 Ne3 34. Re1 Nxc4 35. a4 Nd6 36. Re5 g6 37. Rxc5 Rxc5+ 38. Nxc5 Kf6 39. Kd2 Kf5 40. Ke3 e5
41. fxe5 Kxe5 42. Nd3+ Kf5 43. Nb4 Ne4 44. Kf3 Nc3 45. Nc6 Nxa4 46. Nxa7 Kg5 47. Nc6 h4 48. Ne5 hxg3 49. Kxg3 Kf5=
1/2-1/2

[Event "DE LOS TRABAJADORES"]
[Site "SchemingMind.com"]
[Date "2012.04.29"]
[Round "-"]
[White "Scooter"]
[Black "emvarela"]
[Result "1/2-1/2"]
[WhiteCountry "USA"]
[BlackCountry "ARG"]
[WhiteElo "1806"]
[WhiteRD "47"]
[BlackElo "1746"]
[BlackRD "46"]
[GameID "309140"]

1. d4 Nf6 2. Bf4 e6 3. Nf3 c5 4. c3 d5 5. e3 Nc6 6. Bb5 Qb6 7. Qb3 Bd7 8. O-O c4 9. Qa4 a6 10. Bxc6 Bxc6
11. Qc2 h6 12. Nbd2 Be7 13. Ne5 Nd7 14. Nxc6 bxc6 15. Nf3 c5 16. dxc5 Bxc5 17. Be5 Nxe5 18. Nxe5 Ke7 19. Nf3 f5 20. Ne5 Rhd8
21. Nf3 g5 22. Nd4 Bxd4 23. exd4 Kf6 24. Rfe1 Re8 25. Re5 Ra7 26. Rae1 Rae7 27. b3 cxb3 28. Qxb3 Qxb3 29. axb3 Rb8 30. b4 Rb5
31. Ra1 Ra7 32. Kf1 a5 33. c4 Rxb4 34. cxd5 exd5 35. Rxd5 a4 36. Rd6+ Kg7 37. d5 a3 38. Rc6 a2 39. Rcc1 Rd4 40. Rc2 Rxd5
41. Rcxa2 Rxa2= 42. Rxa2 Rd3 43. Ke2 Rd6 44. Ra7+ Kg6 45. f3 Re6+ 46. Kd3 h5 47. Ra8 g4 48. Rg8+ Kf7 49. Rh8 Kg6 50. Rg8+=
1/2-1/2

[Event "DE LOS TRABAJADORES"]
[Site "SchemingMind.com"]
[Date "2012.04.24"]
[Round "-"]
[White "Scooter"]
[Black "Olli Ylönen"]
[Result "1/2-1/2"]
[WhiteCountry "USA"]
[BlackCountry "FIN"]
[WhiteElo "1801"]
[WhiteRD "49"]
[BlackElo "1816"]
[BlackRD "55"]
[GameID "309141"]

1. d4 e6 2. Nf3 Nf6 3. Bg5 c5 4. e3 h6 5. Bh4 cxd4 6. exd4 Be7 7. c3 d6 8. Bb5+ Bd7 9. Bxd7+ Nbxd7 10. O-O O-O
11. Bxf6 Nxf6 12. Nbd2 b5 13. Re1 d5 14. Ne5 Rc8 15. Qe2 a6 16. Rac1 b4 17. cxb4 Bxb4 18. Nc6 Qd6 19. Ne5 Ne4 20. Nxe4 dxe4
21. Red1 Rxc1 22. Rxc1 f5 23. Qc4 Kh7 24. g3 Bd2 25. Qc6 Qxd4 26. Rc5 Qxb2 27. Qxe6 e3 28. Qg6+ Kg8 29. Qe6+ Kh7 30. Qg6+ Kg8
31. Qe6+ Kh7 32. Qg6+
1/2-1/2

[Event "DE LOS TRABAJADORES"]
[Site "SchemingMind.com"]
[Date "2012.04.29"]
[Round "-"]
[White "emvarela"]
[Black "Scooter"]
[Result "1-0"]
[WhiteCountry "ARG"]
[BlackCountry "USA"]
[WhiteElo "1743"]
[WhiteRD "46"]
[BlackElo "1767"]
[BlackRD "49"]
[GameID "309142"]

1. e4 c6 2. d4 d5 3. Nc3 dxe4 4. Nxe4 Bf5 5. Ng3 Bg6 6. h4 h6 7. h5 Bh7 8. Nf3 Nd7 9. Bd3 Bxd3 10. Qxd3 Qc7
11. Bd2 Ngf6 12. O-O-O e6 13. Ne4 O-O-O 14. g3 Nxe4 15. Qxe4 Nf6 16. Qe2 Bd6 17. c4 c5 18. dxc5 Bxc5 19. Bf4 Bd6 20. Bxd6 Rxd6
21. Rxd6 Qxd6 22. Rd1 Qc5 23. Ne5 Qc7 24. b3 Rd8 25. Rxd8+ Qxd8 26. Nxf7 Qe7 27. Ne5 Qe8 28. Qe3 Qxh5 29. Qc5+ Kd8 30. Qd6+ Ke8
31. Qxe6+ Kf8 32. Qc8+ Qe8 33. Qxe8+ Kxe8 34. f3 Nh5 35. g4 Nf6 36. Kd2 Ke7 37. Ke3 Nd7 38. Nxd7 Kxd7 39. Kf4 g6 40. b4 b6
41. a4 a6 42. Ke5 a5 43. bxa5 bxa5 44. Kf6 h5 45. gxh5 gxh5 46. Kg5
1-0

[Event "DE LOS TRABAJADORES"]
[Site "SchemingMind.com"]
[Date "2012.04.24"]
[Round "-"]
[White "Olli Ylönen"]
[Black "Scooter"]
[Result "0-1"]
[WhiteCountry "FIN"]
[BlackCountry "USA"]
[WhiteElo "1840"]
[WhiteRD "54"]
[BlackElo "1745"]
[BlackRD "49"]
[GameID "309143"]

1. e4 c6 2. d4 d5 3. exd5 cxd5 4. Bd3 Nf6 5. c3 a6 6. Bf4 e6 7. Nf3 Bd6 8. Bxd6 Qxd6 9. O-O O-O 10. Nbd2 Nc6
11. Re1 b5 12. Ne5 Bb7 13. Ndf3 b4 14. Ng5 Qe7 15. c4 Nxe5 16. dxe5 Ne4 17. Nxe4 dxe4 18. Bxe4 Rfd8 19. Qh5 Bxe4 20. Rxe4 Rd2
21. Rh4 h6 22. Rg4 Kf8 23. b3 Qd7 24. Rf4 Rd8 25. h4 Rd1+ 26. Rxd1 Qxd1+ 27. Qxd1 Rxd1+ 28. Kh2 Rd2 29. c5 Rxa2 30. Rxb4 Ra5
31. Rc4 Ke8 32. c6 Kd8 33. f4 Kc7 34. Kg3 Rb5 35. b4 Rb6 36. Kg4 Rxc6 37. Re4 Kb6 38. f5 Kb5 39. fxe6 fxe6 40. Kh5 Rc4
41. Rxc4 Kxc4 42. Kg6 Kxb4 43. Kxg7 a5 44. Kxh6 a4 45. g4 a3 46. g5 a2 47. g6 a1=Q 48. g7 Qc1+ 49. Kh7 Qc7 50. h5 Qxe5
51. h6 Qe4+ 52. Kh8 Qd4 53. h7 Kb5 54. Kg8 Qd8+ 55. Kf7 Qc7+ 56. Kg6 Qc2+ 57. Kh6 Qd2+ 58. Kg6 Qd3+ 59. Kh6 Qh3+ 60. Kg6 Qf5+
61. Kh6 Qf6+
0-1

[Event "DE LOS TRABAJADORES"]
[Site "SchemingMind.com"]
[Date "2012.04.30"]
[Round "-"]
[White "TONYTODD11"]
[Black "emvarela"]
[Result "0-1"]
[WhiteCountry "ENG"]
[BlackCountry "ARG"]
[WhiteElo "1445"]
[WhiteRD "84"]
[BlackElo "1697"]
[BlackRD "45"]
[GameID "309266"]

1. e4 e5 2. f4 exf4 3. Nf3 g5 4. Bc4 g4 5. Bxf7+ Kxf7 6. Ne5+ Ke8 7. Qxg4 Nf6 8. Qxf4 d6 9. Nf7 Kxf7 10. O-O Bg7
11. Nc3 Be6 12. d3 Rf8 13. e5 dxe5 14. Qxe5 Nd7 15. Bg5 Nxe5 16. Ne4 Qd4+ 17. Kh1 Nd7
0-1

[Event "DE LOS TRABAJADORES"]
[Site "SchemingMind.com"]
[Date "2012.04.25"]
[Round "-"]
[White "TONYTODD11"]
[Black "Scooter"]
[Result "0-1"]
[WhiteCountry "ENG"]
[BlackCountry "USA"]
[WhiteElo "1509"]
[WhiteRD "91"]
[BlackElo "1771"]
[BlackRD "51"]
[GameID "309267"]

1. e4 c6 2. d4 d5 3. Nc3 dxe4 4. Nxe4 Bf5 5. Bd3 Bxe4 6. Bxe4 Nf6 7. Qf3 Nbd7 8. Be3 Nxe4 9. Qxe4 Nf6 10. Qd3 e6
11. Nf3 Be7 12. O-O O-O 13. Rad1 Ng4 14. Rfe1 Nxe3 15. Rxe3 Qb6 16. b3 Rfd8 17. c3 c5 18. Ne5 cxd4 19. cxd4 Bf6 20. Nc4 Qxd4
21. Qxd4 Rxd4 22. Rxd4 Bxd4 23. Rg3 Rc8 24. h4 b5 25. Rg4 e5 26. h5 bxc4 27. bxc4 Rxc4 28. Rg5 Rc2 29. Rf5 Rxa2 30. g4 a5
31. g5 a4 32. g6 f6 33. Rf3 Bxf2+ 34. Kf1 Bd4 35. Rd3 a3 36. Rb3 hxg6 37. hxg6 Rf2+ 38. Ke1 Kf8 39. Rxa3 f5 40. Rd3 Ke7
41. Rh3 Kf6 42. Rg3 Rb2 43. Rd3 Kxg6 44. Rg3+ Kf6
0-1

[Event "DE LOS TRABAJADORES"]
[Site "SchemingMind.com"]
[Date "2012.04.30"]
[Round "-"]
[White "TONYTODD11"]
[Black "Olli Ylönen"]
[Result "0-1"]
[WhiteCountry "ENG"]
[BlackCountry "FIN"]
[WhiteElo "1445"]
[WhiteRD "84"]
[BlackElo "1840"]
[BlackRD "54"]
[GameID "309268"]

1. e4 e5 2. f4 exf4 3. Nf3 g5 4. h3 Bg7 5. Bc4 d6 6. O-O Nc6 7. Nc3 g4 8. Nh2 Bd4+ 9. Kh1 gxh3 10. Qh5 hxg2+
11. Kxg2 Ne5 12. Rxf4 Nf6 13. Qh6 Nxc4 14. Nd5 Rg8+ 15. Kh1 Rg1#
0-1

[Event "DE LOS TRABAJADORES"]
[Site "SchemingMind.com"]
[Date "2012.04.30"]
[Round "-"]
[White "emvarela"]
[Black "TONYTODD11"]
[Result "1-0"]
[WhiteCountry "ARG"]
[BlackCountry "ENG"]
[WhiteElo "1743"]
[WhiteRD "46"]
[BlackElo "1448"]
[BlackRD "79"]
[GameID "309269"]

1. e4 c6 2. d4 d5 3. Nc3 Nf6 4. e5 Ng4 5. h3 Nxf2 6. Kxf2 Bf5 7. Nf3 Qb6 8. Bd3 Bg6 9. Bxg6 hxg6 10. b3 Nd7
11. Re1 e6 12. Be3 Bb4 13. Na4 Qa5 14. Bd2 Bxd2 15. Qxd2 Qxd2+ 16. Nxd2 O-O-O 17. c4 b6 18. cxd5 exd5 19. e6 fxe6 20. Rxe6 c5
21. dxc5 bxc5 22. Rxg6 Rdf8+ 23. Kg3 Ne5 24. Rxg7 c4 25. bxc4 dxc4 26. Rc1 Nf7 27. Rxc4+ Kd7 28. Ne4 Ke8 29. Rc8+ Ke7 30. Rxf8 Rxf8
31. Ng5 Kf6 32. Rxf7+ Rxf7 33. Nxf7 Kxf7 34. Kf4
1-0

[Event "DE LOS TRABAJADORES"]
[Site "SchemingMind.com"]
[Date "2012.04.26"]
[Round "-"]
[White "Scooter"]
[Black "TONYTODD11"]
[Result "1-0"]
[WhiteCountry "USA"]
[BlackCountry "ENG"]
[WhiteElo "1745"]
[WhiteRD "49"]
[BlackElo "1445"]
[BlackRD "84"]
[GameID "309270"]

1. d4 d5 2. Nf3 Nf6 3. Bf4 Nc6 4. e3 a6 5. h3 Ne4 6. Nbd2 Bf5 7. Be2 e6 8. O-O Bd6 9. Bxd6 Qxd6 10. c4 O-O
11. c5 Qe7 12. Nxe4 dxe4 13. Nd2 Rad8 14. a3 Nxd4 15. exd4 Rxd4 16. Qc1 Rfd8 17. Rd1 Qg5 18. Nxe4 Rxd1+ 19. Bxd1 Qxc1 20. Nf6+ gxf6
21. Rxc1 e5 22. Bf3 Rd2 23. Bxb7 Rxb2 24. Bxa6 Ra2 25. Rc3 Be4 26. Bb5 Bf5 27. Rf3 Rb2 28. a4 Bc2 29. Rxf6 Ra2 30. Rc6 Bxa4
31. Bxa4 Rxa4 32. Rxc7 Kf8 33. c6 Ra8 34. Rb7 Rc8 35. c7 Ke7 36. Rb8 Rxc7 37. Rh8 Kf6 38. Rxh7 Kf5 39. g4+ Kg5 40. Rh5+ Kf4
41. Rf5+ Ke4 42. f3+ Ke3 43. Kg2 Rc2+ 44. Kg3 e4 45. fxe4 Rc3 46. Rf3+
1-0

[Event "DE LOS TRABAJADORES"]
[Site "SchemingMind.com"]
[Date "2012.04.30"]
[Round "-"]
[White "Olli Ylönen"]
[Black "TONYTODD11"]
[Result "1-0"]
[WhiteCountry "FIN"]
[BlackCountry "ENG"]
[WhiteElo "1877"]
[WhiteRD "56"]
[BlackElo "1448"]
[BlackRD "79"]
[GameID "309271"]

1. e4 e5 2. Nf3 Nc6 3. d4 d6 4. dxe5 dxe5 5. Qxd8+ Kxd8 6. Bc4 Bb4+ 7. c3 Nd4 8. Nxd4 Ba5 9. Nf3 Nf6 10. Nxe5 Re8
11. Nxf7+ Kd7 12. Ng5 Nxe4 13. Nxe4 Rxe4+ 14. Be2 b6 15. Nd2 Re5 16. Nc4 Re6 17. Nxa5 bxa5 18. Be3 Bb7 19. Bg4 Re8 20. O-O Ba6
21. Bxe6+ Rxe6 22. Rfd1+ Kc8 23. Bxa7 Re7 24. f3 c6 25. Bf2 Re2 26. Re1 Rxb2 27. Re7 Rc2 28. Rxg7 Rxc3 29. Rxh7 Bd3 30. Re7 c5
31. Re3 c4 32. h4 Kd7 33. h5 Kc7 34. h6 Rc2 35. Re7+ Kd6 36. h7 Bxh7 37. Rxh7 Ke6 38. Ra7 Re2 39. Rxa5 Rc2 40. a4 Re2
41. Rc1
1-0

[Event "DE LOS TRABAJADORES"]
[Site "SchemingMind.com"]
[Date "2012.05.03"]
[Round "-"]
[White "kubinet"]
[Black "TONYTODD11"]
[Result "1-0"]
[WhiteCountry "GER"]
[BlackCountry "ENG"]
[WhiteElo "1690"]
[WhiteRD "58"]
[BlackElo "1401"]
[BlackRD "85"]
[GameID "309789"]

1. e4 c6 2. d4 d5 3. Nc3 dxe4 4. Nxe4 Bf5 5. Ng3 g6 6. Nxf5 gxf5 7. Nf3 Bg7 8. Bc4 e6 9. c3 Nf6 10. O-O O-O
11. Bg5 Nbd7 12. Ne5 Nxe5 13. dxe5 Qxd1 14. Raxd1 Ng4 15. h3 Nxe5 16. Bb3 c5 17. f4 Ng6 18. Rd7 Rfe8 19. Rxb7 h6 20. Ba4 Reb8
21. Bc6 Rxb7 22. Bxb7 Rb8 23. Ba6 hxg5 24. fxg5 Rxb2 25. a4 Bxc3 26. Bb5 Nf4 27. Rxf4 Bd2 28. Rc4 Bxg5 29. Kf1 Be3 30. Rc3 Bd4
31. Rg3+ Kf8 32. Rd3 e5 33. g3 e4 34. Rd1 e3 35. Re1 Rf2+ 36. Kg1 e2 37. Kh1 Be5 38. Rxe2 Rxe2 39. Bxe2 Bxg3 40. Kg2 f4
41. Kf3 Ke7 42. Bc4 Kd6 43. Bxf7 Ke5 44. Kg4 Kd6 45. h4 Kc6 46. h5 Be1 47. h6 Bc3 48. Kxf4 Kb6 49. h7 Bh8 50. Ke4 Ka5
51. Bb3 Kb4 52. Bd1 Kc3 53. Kd5 Kb4 54. Kc6 c4 55. Kb7 a5 56. Kc6 c3 57. Bc2 Kc4 58. Kb6 Kb4 59. Ka6 Ka3 60. Kxa5 Kb2
61. Be4 c2 62. Bxc2
1-0

[Event "DE LOS TRABAJADORES"]
[Site "SchemingMind.com"]
[Date "2012.05.06"]
[Round "-"]
[White "kubinet"]
[Black "emvarela"]
[Result "1-0"]
[WhiteCountry "GER"]
[BlackCountry "ARG"]
[WhiteElo "1682"]
[WhiteRD "59"]
[BlackElo "1743"]
[BlackRD "46"]
[GameID "309790"]

1. e4 e5 2. Nf3 Nc6 3. Bb5 f5 4. Nc3 Nf6 5. exf5 Nd4 6. Nxd4 exd4 7. Ne2 c5 8. d3 a6 9. Bc4 d5 10. Bb3 Bxf5
11. O-O Bd6 12. Bg5 h6 13. Bh4 Qc7 14. Bxf6 gxf6 15. h3 c4 16. dxc4 dxc4 17. Nxd4 Bxh3 18. Qh5+
1-0

[Event "DE LOS TRABAJADORES"]
[Site "SchemingMind.com"]
[Date "2012.05.03"]
[Round "-"]
[White "kubinet"]
[Black "Scooter"]
[Result "1-0"]
[WhiteCountry "GER"]
[BlackCountry "USA"]
[WhiteElo "1637"]
[WhiteRD "68"]
[BlackElo "1745"]
[BlackRD "49"]
[GameID "309791"]

1. e4 c6 2. d4 d5 3. Nc3 dxe4 4. Nxe4 Bf5 5. Ng3 Bg6 6. Bc4 Nf6 7. N1e2 e6 8. O-O h6 9. Bf4 Bd6 10. Qd2 Bxf4
11. Nxf4 Ne4 12. Nxe4 Bxe4 13. Rfe1 Bd5 14. Nxd5 cxd5 15. Bd3 O-O 16. c3 Nd7 17. Bc2 Nb6 18. Qd3 g6 19. b3 Rc8 20. Rxe6 Rxc3
21. Rxg6+
1-0

[Event "DE LOS TRABAJADORES"]
[Site "SchemingMind.com"]
[Date "2012.05.04"]
[Round "-"]
[White "kubinet"]
[Black "Olli Ylönen"]
[Result "0-1"]
[WhiteCountry "GER"]
[BlackCountry "FIN"]
[WhiteElo "1682"]
[WhiteRD "59"]
[BlackElo "1877"]
[BlackRD "56"]
[GameID "309792"]

1. e4 e5 2. Nf3 Nc6 3. Bb5 f5 4. Nc3 fxe4 5. Nxe4 d5 6. Ng3 Bg4 7. h3 Bxf3 8. Qxf3 Nf6 9. d3 Be7 10. O-O O-O
11. Re1 Nd4 12. Qd1 Nxb5 13. Rxe5 Bd6 14. Re1 Bxg3 15. fxg3 c5 16. Bg5 h6 17. Bf4 Re8 18. Qf3 Rxe1+ 19. Rxe1 b6 20. g4 d4
21. g5 hxg5 22. Bxg5 Nc7 23. g4 Qd5 24. Qf2 Qxg5
0-1

[Event "DE LOS TRABAJADORES"]
[Site "SchemingMind.com"]
[Date "2012.05.03"]
[Round "-"]
[White "TONYTODD11"]
[Black "kubinet"]
[Result "0-1"]
[WhiteCountry "ENG"]
[BlackCountry "GER"]
[WhiteElo "1448"]
[WhiteRD "79"]
[BlackElo "1682"]
[BlackRD "59"]
[GameID "309793"]

1. e4 e5 2. f4 exf4 3. Nf3 g5 4. h3 d6 5. Bc4 Be6 6. Na3 Nc6 7. O-O Bg7 8. c3 h6 9. d4 Bxc4 10. Nxc4 Nge7
11. d5 Ne5 12. Ncxe5 dxe5 13. b3 Qd7 14. c4 Ng6 15. c5 O-O-O 16. Bb2 Kb8 17. Bxe5 Nxe5 18. c6 bxc6 19. Nd4 cxd5 20. Rc1 dxe4
21. Rc2 Qxd4+ 22. Qxd4 Rxd4 23. Rc3 e3 24. Rfc1 Rc8 25. a4 Rd2 26. b4 Nd3 27. Rc6 Nxc1
0-1

[Event "DE LOS TRABAJADORES"]
[Site "SchemingMind.com"]
[Date "2012.05.07"]
[Round "-"]
[White "emvarela"]
[Black "kubinet"]
[Result "1-0"]
[WhiteCountry "ARG"]
[BlackCountry "GER"]
[WhiteElo "1743"]
[WhiteRD "46"]
[BlackElo "1682"]
[BlackRD "59"]
[GameID "309794"]

1. e4 e5 2. Nf3 Nc6 3. Bb5 Nf6 4. O-O Nxe4 5. d4 Be7 6. Qe2 Nd6 7. Bxc6 dxc6 8. dxe5 Nf5 9. Rd1 Bd7 10. e6 fxe6
11. Ne5 Bd6 12. Qh5+ g6 13. Nxg6 Ng7 14. Qh6 Qf6 15. Nxh8 Qxh6 16. Bxh6 Nf5 17. Bg5 Kf8 18. Nc3 Kg7 19. Ne4 Kxh8 20. g4 Ng7
21. Nxd6 cxd6 22. Rxd6 Be8 23. Bf6 Kg8 24. Bxg7 Kxg7 25. Rxe6 Bf7 26. Re7 b6 27. Rd1
1-0

[Event "DE LOS TRABAJADORES"]
[Site "SchemingMind.com"]
[Date "2012.05.03"]
[Round "-"]
[White "Scooter"]
[Black "kubinet"]
[Result "1-0"]
[WhiteCountry "USA"]
[BlackCountry "GER"]
[WhiteElo "1771"]
[WhiteRD "51"]
[BlackElo "1557"]
[BlackRD "96"]
[GameID "309795"]

1. d4 d5 2. Nf3 Nf6 3. Bf4 e6 4. h3 Bd6 5. Bxd6 Qxd6 6. c3 O-O 7. e3 Nbd7 8. Be2 c5 9. O-O c4 10. Nbd2 b5
11. b4 a5 12. a3 Bb7 13. Re1 a4 14. Qc2 Rae8 15. Ng5 h6 16. Ngf3 Nh7 17. e4
1-0

[Event "DE LOS TRABAJADORES"]
[Site "SchemingMind.com"]
[Date "2012.05.05"]
[Round "-"]
[White "Olli Ylönen"]
[Black "kubinet"]
[Result "1-0"]
[WhiteCountry "FIN"]
[BlackCountry "GER"]
[WhiteElo "1877"]
[WhiteRD "56"]
[BlackElo "1682"]
[BlackRD "59"]
[GameID "309796"]

1. e4 e5 2. Nf3 Nc6 3. d4 exd4 4. Nxd4 Bc5 5. Be3 Qf6 6. c3 Nge7 7. Bc4 a6 8. O-O O-O 9. f4 d6 10. Kh1 Na5
11. Nd2 b5 12. Be2 Bb7 13. a4 Nc4 14. Nxc4 bxc4 15. e5 Qg6 16. Bf3 Bxf3 17. Rxf3 Rab8 18. exd6 cxd6 19. f5 Nxf5 20. Nxf5 Rxb2
21. Ne7+
1-0

[Event "DE LOS TRABAJADORES"]
[Site "SchemingMind.com"]
[Date "2012.05.07"]
[Round "-"]
[White "cncbob"]
[Black "TONYTODD11"]
[Result "0-1"]
[WhiteCountry "ENG"]
[BlackCountry "ENG"]
[WhiteElo "1495"]
[WhiteRD "82"]
[BlackElo "1448"]
[BlackRD "79"]
[GameID "309928"]

1. e4 c6 2. d4 d5 3. Nc3 Nf6 4. e5 Ne4 5. Qf3 f5 6. Bd3 Nxc3 7. bxc3 e6 8. Ne2 c5 9. Nf4 Qc7 10. Qh5+ g6
11. Nxg6 Rg8 12. Nf4+ Qf7 13. Qxf7+ Kxf7 14. Rb1 c4 15. Be2 Nc6 16. O-O b6 17. Nh5 Be7 18. f4 Rg6 19. Rf3 Ba6 20. Rh3 Rag8
21. Bf3 h6 22. Ng3 b5 23. Bh5 Kf8 24. Bxg6 Rxg6 25. Nf1 b4 26. Bd2 Bd8 27. cxb4 Nxd4 28. c3 Ne2+ 29. Kf2 Bb6+ 30. Ne3 Nxf4
31. Rg3 Nd3+ 32. Kg1 Nf4 33. Rxg6 Nxg6 34. Kh1 Bb7 35. Nf1 Nh4 36. Bxh6+ Kf7 37. h3 d4 38. Rb2 dxc3 39. Rc2 Bd4 40. Be3 Be4
41. Bxd4 Bxc2 42. Kh2 Bd3 43. Kg1 Be4 44. g3 Nf3+ 45. Kf2 Nxd4 46. Ke1 Bf3
0-1

[Event "DE LOS TRABAJADORES"]
[Site "SchemingMind.com"]
[Date "2012.05.11"]
[Round "-"]
[White "cncbob"]
[Black "emvarela"]
[Result "0-1"]
[WhiteCountry "ENG"]
[BlackCountry "ARG"]
[WhiteElo "1495"]
[WhiteRD "82"]
[BlackElo "1743"]
[BlackRD "46"]
[GameID "309929"]

1. d4 Nf6 2. c4 e6 3. Nc3 Bb4 4. Bd2 O-O 5. e3 d5 6. Qc2 c5 7. Nf3 cxd4 8. exd4 dxc4 9. Bxc4 Nc6 10. Ne2 Bxd2+
11. Nxd2 Nxd4 12. Nxd4 Qxd4 13. O-O Bd7 14. Nf3 Qe4 15. Bd3 Qc6 16. Ne5 Qxc2 17. Bxc2 Rac8 18. Bd3 Rfd8 19. Rfd1 g6 20. Be2 a6
21. Bf3 Bc6 22. Nxc6 Rxd1+ 23. Rxd1 bxc6 24. h3 Nd5 25. Rd4 c5 26. Rc4 Nb4 27. a3 Nd3 28. Rc2 Ne1 29. Rc3 Nxf3+ 30. Rxf3 f5
31. Re3 Kf7 32. Kf1 Kf6 33. h4 e5 34. Rd3 Ke6 35. Ke2 e4 36. Re3 Kd5 37. Rc3 a5 38. Ke3 c4 39. Kf4 Kd4 40. Kg5 Re8
41. Kf4 Rb8
0-1

[Event "DE LOS TRABAJADORES"]
[Site "SchemingMind.com"]
[Date "2012.05.06"]
[Round "-"]
[White "cncbob"]
[Black "Scooter"]
[Result "0-1"]
[WhiteCountry "ENG"]
[BlackCountry "USA"]
[WhiteElo "1484"]
[WhiteRD "78"]
[BlackElo "1801"]
[BlackRD "49"]
[GameID "309930"]

1. e4 c6 2. d4 d5 3. Nc3 dxe4 4. Nxe4 Bf5 5. Ng3 Bg6 6. h4 h6 7. Nf3 Nd7 8. h5 Bh7 9. Bd3 Bxd3 10. Qxd3 Qc7
11. Bd2 Ngf6 12. O-O-O e6 13. Ne4 O-O-O 14. Nxf6 Nxf6 15. Qe2 Bd6 16. Ne5 Bxe5 17. dxe5 Nd7 18. f4 Nc5 19. Be3 Ne4 20. Qe1 Rxd1+
21. Qxd1 Ng3 22. Rh3 Nf5 23. Bxa7 b6 24. Ra3 Rd8 25. Qg1 Nd4 26. Qf1 Nb5 27. Bxb6 Qxb6 28. Ra8+ Kc7 29. Rxd8 Kxd8 30. Qd3+ Qd4
0-1

[Event "DE LOS TRABAJADORES"]
[Site "SchemingMind.com"]
[Date "2012.05.06"]
[Round "-"]
[White "cncbob"]
[Black "Olli Ylönen"]
[Result "0-1"]
[WhiteCountry "ENG"]
[BlackCountry "FIN"]
[WhiteElo "1489"]
[WhiteRD "79"]
[BlackElo "1819"]
[BlackRD "52"]
[GameID "309931"]

1. d4 Nf6 2. c4 g6 3. Nc3 Bg7 4. Nf3 O-O 5. e4 d6 6. h3 e5 7. d5 a5 8. Be2 Na6 9. a3 Nc5 10. Qc2 Nh5
11. Be3 Nf4 12. Bxf4 exf4 13. O-O-O a4 14. Nd4 Bxd4 15. f3 f5 16. Kb1 Bxc3 17. Qxc3 fxe4 18. h4 exf3 19. Bxf3 Bf5+ 20. Ka2 Ne4
21. Bxe4 Bxe4 22. Rd2 c5
0-1

[Event "DE LOS TRABAJADORES"]
[Site "SchemingMind.com"]
[Date "2012.05.08"]
[Round "-"]
[White "cncbob"]
[Black "kubinet"]
[Result "1-0"]
[WhiteCountry "ENG"]
[BlackCountry "GER"]
[WhiteElo "1502"]
[WhiteRD "80"]
[BlackElo "1637"]
[BlackRD "68"]
[GameID "309932"]

1. e4 e5 2. Nf3 Nc6 3. Bc4 Bc5 4. c3 Nf6 5. d4 exd4 6. cxd4 Bb4+ 7. Bd2 Bxd2+ 8. Nbxd2 d6 9. h3 O-O 10. O-O Bd7
11. Re1 Na5 12. Bd3 Re8 13. Qc2 Nc6 14. a3 a6 15. Re3 h6 16. Rae1 Nh5 17. e5 Qg5 18. Nxg5
1-0

[Event "DE LOS TRABAJADORES"]
[Site "SchemingMind.com"]
[Date "2012.05.07"]
[Round "-"]
[White "TONYTODD11"]
[Black "cncbob"]
[Result "0-1"]
[WhiteCountry "ENG"]
[BlackCountry "ENG"]
[WhiteElo "1509"]
[WhiteRD "91"]
[BlackElo "1489"]
[BlackRD "79"]
[GameID "309933"]

1. e4 Nf6 2. Nc3 d5 3. d3 d4 4. Nb5 e5 5. Bg5 Be7 6. Be2 a6 7. Bxf6 Bxf6 8. Nf3 axb5 9. O-O Nc6 10. Re1 O-O
11. Qd2 Be6 12. Rac1 Rxa2 13. c3 Be7 14. Ra1 Ra4 15. b4 Qd6 16. Ng5 Bd7 17. Ra2 Rfa8 18. Bh5 Be6 19. Nxe6 Qxe6 20. Rxa4 bxa4
21. cxd4 Nxd4 22. f4 f6 23. f5 Qb6 24. Rb1 Nf3+
0-1

[Event "DE LOS TRABAJADORES"]
[Site "SchemingMind.com"]
[Date "2012.05.11"]
[Round "-"]
[White "emvarela"]
[Black "cncbob"]
[Result "1-0"]
[WhiteCountry "ARG"]
[BlackCountry "ENG"]
[WhiteElo "1697"]
[WhiteRD "45"]
[BlackElo "1502"]
[BlackRD "80"]
[GameID "309934"]

1. e4 c5 2. Nf3 Nc6 3. d4 cxd4 4. c3 dxc3 5. Bc4 cxb2 6. Bxb2 d6 7. O-O e6 8. Qe2 a6 9. Nc3 Nf6 10. Rac1 g6
11. e5 dxe5 12. Nxe5 Qa5 13. Nxc6 bxc6 14. Ne4 Nxe4 15. Qxe4
1-0

[Event "DE LOS TRABAJADORES"]
[Site "SchemingMind.com"]
[Date "2012.05.06"]
[Round "-"]
[White "Scooter"]
[Black "cncbob"]
[Result "1-0"]
[WhiteCountry "USA"]
[BlackCountry "ENG"]
[WhiteElo "1801"]
[WhiteRD "49"]
[BlackElo "1484"]
[BlackRD "78"]
[GameID "309935"]

1. d4 d5 2. Nf3 Nc6 3. Bf4 Bf5 4. c3 Nf6 5. e3 a6 6. Bd3 Bxd3 7. Qxd3 e6 8. O-O h6 9. h3 Bd6 10. Bxd6 Qxd6
11. Nbd2 O-O-O 12. c4 Rhe8 13. c5 Qe7 14. a3 Rh8 15. b4 Na7 16. a4 Nd7 17. b5 Nb8 18. bxa6 Nxa6 19. Rab1 c6 20. Rb6 Kc7
21. Rfb1 Rb8 22. Nb3
1-0

[Event "DE LOS TRABAJADORES"]
[Site "SchemingMind.com"]
[Date "2012.05.06"]
[Round "-"]
[White "Olli Ylönen"]
[Black "cncbob"]
[Result "1/2-1/2"]
[WhiteCountry "FIN"]
[BlackCountry "ENG"]
[WhiteElo "1819"]
[WhiteRD "52"]
[BlackElo "1489"]
[BlackRD "79"]
[GameID "309936"]

1. e4 e5 2. Nf3 Nc6 3. d4 exd4 4. Nxd4 Bc5 5. Nxc6 bxc6 6. Bd3 d6 7. Nc3 Nf6 8. O-O O-O 9. Na4 Bb6 10. Nxb6 cxb6
11. Bg5 Re8 12. Qf3 Bb7 13. Bxf6 Qxf6 14. Qxf6 gxf6 15. f3 Kh8 16. c4 Rg8 17. Kf2 d5 18. cxd5 cxd5 19. exd5 Rad8 20. Be4 Bxd5
21. Bxd5 Rxd5 22. Rfd1 Rgd8 23. Rxd5 Rxd5 24. Ke2 Kg7 25. Rd1 Rxd1 26. Kxd1 f5=
1/2-1/2

[Event "DE LOS TRABAJADORES"]
[Site "SchemingMind.com"]
[Date "2012.05.11"]
[Round "-"]
[White "kubinet"]
[Black "cncbob"]
[Result "0-1"]
[WhiteCountry "GER"]
[BlackCountry "ENG"]
[WhiteElo "1637"]
[WhiteRD "68"]
[BlackElo "1502"]
[BlackRD "80"]
[GameID "309937"]

1. e4 Nf6 2. e5 Nd5 3. d4 d6 4. c4 Nb6 5. f4 dxe5 6. fxe5 Nc6 7. Be3 Bf5 8. Nc3 e6 9. Nf3 Qd7 10. Bd3 Bxd3
11. Qxd3 O-O-O 12. O-O Bc5 13. Rad1 h6 14. a3 Bf8 15. Ne4 Na4 16. Rf2 Nb6 17. Qc2 Na5 18. Nfd2 Be7 19. Rxf7 Rhg8 20. Nc5 Qe8
21. Rdf1 Rf8 22. Rxf8 Bxf8 23. b4 Nc6 24. Ndb3 Bxc5 25. bxc5 Nd7 26. Qg6 Qxg6
0-1